| 000 | 00606nam a22002177a 4500 | ||
|---|---|---|---|
| 003 | OSt | ||
| 005 | 20140310182823.0 | ||
| 008 | 130215t xxu||||| |||| 00| 0 eng d | ||
| 020 | _a9780073532356 | ||
| 050 |
_a QA184.2 _b.D278 2010 |
||
| 082 |
_aM 512.520 _b.D316 2010 |
||
| 245 |
_aIntroduction to linear algebra with applications _cDeFranza, James |
||
| 260 |
_aBoston _bMcGraw-Hill/Higher Education _cc2010 |
||
| 300 |
_axviii, 488 p. : ill. _c24 cm. |
||
| 521 | _acollege students | ||
| 526 | _c1210L-1700L | ||
| 541 | _j1 | ||
| 541 | _j2 | ||
| 562 | _e2 | ||
| 942 |
_2lcc _cBK _kM |
||
| 999 |
_c16435 _d16435 |
||